[Event "Gibraltar U12 op"]
[Site "Caleta"]
[Date "2017.08.18"]
[Round "1"]
[White "Tadevosyan, Aspet"]
[Black "Gutierrez Romero, Pablo"]
[Result "1-0"]
[WhiteElo "1805"]
[BlackElo "1093"]
[PlyCount "75"]
[EventDate "2017.08.18"]
[EventType "swiss"]
[EventRounds "6"]
[EventCountry "GGB"]
[SourceTitle "CBM 180 Extra"]
[Source "ChessBase"]
[SourceDate "2017.10.06"]
[SourceVersion "1"]
[SourceVersionDate "2017.10.06"]
[SourceQuality "1"]

1. d4 Nf6 2. c4 g6 3. Nc3 Bg7 4. e4 d6 5. Be2 0-0 6. Nf3 Nbd7 7. Be3 e5 8. d5 b6 9. b4 Bb7 10. 0-0 Nh5 11. Nd2 Nf4 12. f3 Ba6 13. Qa4 Bb7 14. g3 Nxe2+ 15. Nxe2 Qe7 16. Qc2 h6 17. Rab1 Rab8 18. Rfc1 a6 19. Nb3 Rfc8 20. c5 bxc5 21. bxc5 dxc5 22. Bxc5 Nxc5 23. Nxc5 Ba8 24. Rxb8 Rxb8 25. Nxa6 Rb7 26. Nxc7 Rb8 27. Qa4 Rc8 28. Qa7 Kh7 29. Qa5 Qg5 30. Kf2 Qd8 31. Qa7 Qd7 32. Qb6 Qd8 33. Nxa8 Rxa8 34. Qb7 Rxa2 35. Rc7 Qf8 36. Kf1 Qa3 37. Rxf7 Ra1+ 38. Kg2 1-0